[Event "WchT 7th"]
[Site "Bursa"]
[Date "2010.01.12"]
[Round "8.3"]
[White "Ganguly, Surya Shekhar"]
[Black "Postny, Evgeny"]
[Result "1-0"]
[WhiteElo "2654"]
[BlackElo "2648"]
[PlyCount "79"]
[EventDate "2010.01.05"]
[EventType "team-tourn"]
[EventRounds "9"]
[EventCountry "TUR"]
[SourceTitle "CBM 134"]
[Source "ChessBase"]
[SourceDate "2010.01.18"]
[SourceVersion "1"]
[SourceVersionDate "2010.01.18"]
[SourceQuality "1"]
[WhiteTeam "India"]
[BlackTeam "Israel"]
[WhiteTeamCountry "IND"]
[BlackTeamCountry "ISR"]

1. d4 Nf6 2. c4 e6 3. Nc3 Bb4 4. f3 c5 5. d5 d6 6. e4 O-O 7. Nge2 Ne8 8. Ng3 f5
9. dxe6 Bxc3+ 10. bxc3 fxe4 11. Nxe4 Qe7 12. Bd3 Bxe6 13. O-O Nc6 14. Qe2 h6
15. Re1 Nc7 16. Qf2 Ne5 17. Nxc5 Bg4 18. Qg3 Rae8 19. fxg4 Nf3+ 20. gxf3 Qxe1+
21. Qxe1 Rxe1+ 22. Kf2 Rd1 23. Ke2 Rxc1 24. Rxc1 dxc5 25. Be4 b6 26. Rd1 Ne6
27. Rd7 Nf4+ 28. Ke3 Ng2+ 29. Kf2 Nf4 30. Rxa7 Rd8 31. Ra6 g5 32. Rxb6 Rd2+ 33.
Ke1 Rxa2 34. Rxh6 Kg7 35. Rc6 Ng2+ 36. Kd1 Ne3+ 37. Kc1 Ra1+ 38. Bb1 Nxc4 39.
Rxc5 Na3 40. Rxg5+ 1-0

[Event "Gibraltar Masters 12th"]
[Site "Caleta"]
[Date "2014.02.03"]
[Round "7"]
[White "Ganguly, Surya Shekhar"]
[Black "Vallejo Pons, Francisco"]
[Result "1-0"]
[WhiteElo "2619"]
[BlackElo "2707"]
[PlyCount "123"]
[EventDate "2014.01.28"]
[EventType "swiss"]
[EventRounds "10"]
[EventCountry "GGB"]
[SourceTitle "CBM 159"]
[Source "ChessBase"]
[SourceDate "2014.03.17"]
[SourceVersion "1"]
[SourceVersionDate "2014.03.17"]
[SourceQuality "1"]

1. d4 Nf6 2. c4 b6 3. Nc3 Bb7 4. Qc2 d5 5. cxd5 Nxd5 6. Nf3 Nxc3 7. bxc3 g6 8.
e4 Bg7 9. Bb5+ Nd7 10. O-O O-O 11. Bf4 e6 12. Rad1 a6 13. Bd3 c5 14. Bd6 Re8
15. Qe2 cxd4 16. cxd4 b5 17. Qe3 Rc8 18. h3 Qb6 19. e5 Bxf3 20. Qxf3 Bf8 21.
Bxf8 Nxf8 22. Be4 Rc7 23. h4 h5 24. Rd3 b4 25. g4 hxg4 26. Qxg4 Rc3 27. Rfd1
Rxd3 28. Rxd3 Rd8 29. Bg2 a5 30. h5 a4 31. Qh4 b3 32. axb3 a3 33. h6 Nd7 34.
Bc6 a2 35. Rd1 Kh7 36. Bxd7 Qxb3 37. Rf1 Rxd7 38. Qf6 Kxh6 39. Kg2 Qb1 40. Qh8+
Kg5 41. Rh1 Qxh1+ 42. Qxh1 Rxd4 43. Qc1+ Kf5 44. Qc2+ Kxe5 45. Qb2 g5 46. f3 f6
47. Kf2 Kd5 48. Qxa2+ Kd6 49. Qa3+ Kd5 50. Qe7 Rf4 51. Qd7+ Ke5 52. Ke3 Kf5 53.
Qh7+ Ke5 54. Qd3 f5 55. Qd8 Rc4 56. Qxg5 Rc3+ 57. Ke2 Rc2+ 58. Kd3 Rc5 59. f4+
Kd6 60. Qd8+ Kc6 61. Qe7 Rd5+ 62. Kc3 1-0

[Event "ESP-chT CECLUB Honor"]
[Site "Linares"]
[Date "2015.08.15"]
[Round "1.1"]
[White "Naiditsch, Arkadij"]
[Black "Ganguly, Surya Shekhar"]
[Result "0-1"]
[WhiteElo "2685"]
[BlackElo "2631"]
[PlyCount "56"]
[EventDate "2015.08.15"]
[EventType "team-tourn"]
[EventRounds "7"]
[EventCountry "ESP"]
[SourceTitle "EXT 2016"]
[Source "ChessBase"]
[SourceDate "2015.10.08"]
[SourceVersion "1"]
[SourceVersionDate "2015.10.08"]
[SourceQuality "1"]
[WhiteTeam "Taldea Gros Xake"]
[BlackTeam "Solvay"]
[WhiteTeamCountry "ESP"]
[BlackTeamCountry "ESP"]

1. e4 e6 2. d4 d5 3. Nd2 c5 4. exd5 Qxd5 5. dxc5 Nf6 6. Ngf3 Qxc5 7. Bd3 Nbd7
8. O-O Qc7 9. a4 Nc5 10. Bb5+ Bd7 11. Ra3 Be7 12. Bxd7+ Ncxd7 13. Rc3 Qa5 14.
Rc4 O-O 15. b3 a6 16. Bb2 b5 17. Rd4 Rac8 18. Ne4 Nxe4 19. Rxe4 Nf6 20. Re5 Nd5
21. Ng5 Qc7 22. Nxh7 Rfd8 23. Qg4 Qxc2 24. Rxd5 Qxb2 25. Rh5 Rc1 26. g3 g6 27.
Rxc1 Qxc1+ 28. Kg2 Rd1 0-1

[Event "ESP-chT CECLUB Honor"]
[Site "Linares"]
[Date "2015.08.17"]
[Round "3.2"]
[White "Fressinet, Laurent"]
[Black "Ganguly, Surya Shekhar"]
[Result "0-1"]
[WhiteElo "2710"]
[BlackElo "2631"]
[PlyCount "68"]
[EventDate "2015.08.15"]
[EventType "team-tourn"]
[EventRounds "7"]
[EventCountry "ESP"]
[SourceTitle "EXT 2016"]
[Source "ChessBase"]
[SourceDate "2015.10.08"]
[SourceVersion "1"]
[SourceVersionDate "2015.10.08"]
[SourceQuality "1"]
[WhiteTeam "Sestao Fundacion EDP"]
[BlackTeam "Solvay"]
[WhiteTeamCountry "ESP"]
[BlackTeamCountry "ESP"]

1. d4 Nf6 2. c4 e6 3. Nf3 d5 4. Nc3 c6 5. e3 Nbd7 6. Qc2 Bd6 7. Be2 O-O 8. O-O
dxc4 9. Bxc4 b5 10. Be2 Qe7 11. Ng5 Bb7 12. Bf3 Rac8 13. Rd1 Bb8 14. Bd2 h6 15.
Nge4 Nxe4 16. Qxe4 Nf6 17. Qd3 c5 18. Bxb7 c4 19. Qe2 Qxb7 20. Qf3 Qb6 21. b4
e5 22. dxe5 Bxe5 23. a4 Rfd8 24. Be1 Rd3 25. Rdc1 bxa4 26. Rxa4 Rcd8 27. h3 a6
28. g4 Qe6 29. Ra5 Bxc3 30. Bxc3 Ne4 31. Be5 Nd2 32. Qf5 Qc6 33. e4 Nb3 34. b5
Qd7 0-1

[Event "Qatar Masters op"]
[Site "Doha"]
[Date "2015.12.24"]
[Round "5"]
[White "Howell, David"]
[Black "Ganguly, Surya Shekhar"]
[Result "0-1"]
[WhiteElo "2688"]
[BlackElo "2648"]
[Annotator "Ganguly,Surya"]
[PlyCount "130"]
[EventDate "2015.12.20"]
[EventType "swiss"]
[EventRounds "9"]
[EventCountry "QAT"]
[SourceTitle "CBM 170"]
[Source "ChessBase"]
[SourceDate "2016.01.15"]
[SourceVersion "1"]
[SourceVersionDate "2016.01.15"]
[SourceQuality "1"]

{This was my first encounter with David and I wasn't sure what to expect from
him as he has quite a broad repertoire.} 1. Nf3 Nf6 2. g3 {This was not in my
top 6 list which I thought he could opt for!} d5 3. Bg2 e6 4. O-O Be7 5. c4 (5.
d3 {I thought maybe he was aiming for a King's Indian Attack.}) 5... O-O 6. d4
{So main Catalan it is. Probably he was fine with the Catalan but wanted to
avoid Grünfeld/Kings Indian/QGA from my repertoire.} dxc4 {I have played few
games with this solid main line and decided to stick with my preparation for
this game.} 7. Qc2 a6 8. a4 Bd7 9. Qxc4 Bc6 10. Bg5 Bd5 (10... h6 11. Bxf6 Bxf6
12. Nc3 Bxf3 13. Bxf3 c6 14. e3 (14. Qb3 {will transpose to the game}) 14... a5
{Earlier I had this position twice against Akopian and Papaioannu} 15. b4 {
Although both my games ended in a draw but there was some pressure I had to
withstand which I wanted to avoid for this game.}) 11. Qc2 Be4 12. Qd1 h6 $5 {
So the whole point is to get a similar position to 10...h6 but with the white
queen on d1 and not on c4 in order to stop White from playing b4.} (12... c5 {
is more popular here and has been seen a number of times at the top level.})
13. Bxf6 Bxf6 14. Nc3 Bxf3 15. Bxf3 c6 {Now we have the exact same position
with white queen on d1 instead of c4.} 16. Qb3 (16. e3 a5 {[%cal Gb8a6,Ga6b4]
and White is not in time to break with b4.}) 16... Qc7 {We are back to one of
the main lines of 10...h6 where White doesn't play b4.} 17. e3 (17. Rfd1 a5 18.
Rac1 Ra6 19. d5 Qb6 $1 {Jumabayev,R (2558)-Harikrishna,P (2666) Mashhad 2011,
and Black had a fine position.}) 17... a5 {David was taking s decent amount of
time for each move after 12...h6 and I felt he perhaps wanted to get the b4
break in as in the case of 10....h6 and now that he hadn't got the said move
he had to come up with some original plan over the board.} 18. Be2 $5 {And he
comes up with one! This way White first of all stops all kind of Ra6-Rb6 ideas
and switches the diagonal of his light squared bishop which will now look at
kingside (from d3 or c4) and instead of creating pressure on the queenside now
it will focus on a long term kingside attack!} Na6 {The knight belongs on b4.
This way White won't be able to create any threats with queen and bishop on
the b1-h7 diagonal.} 19. Ne4 Be7 20. Rac1 Nb4 21. Bc4 {And now it was my turn
for a long think. So Black has got his minor pieces on the right squares for
the moment. What next? Where to put the rooks was my main concern. By keeping
his bishop on c4 David has created the potential attacking threat of f4-f5
which will happen sooner or later. Also since the bishop has moved from the
h1-a8 diagonal it's clear that White will focus his play on the kingside now.}
Rae8 $1 {This looks rather stupid at first sight but since White's main plan
is f4-f5 (otherwise the bishop on c4 doesn't make much sense) it makes sense
not to move the f8-rook in order to keep the f7-pawn protected and by bringing
the other rook to e8 Black is now excellently prepared to meet f4-f5 ideas
anytime.} 22. f4 (22. Rfd1 {is possible and of course White doesn't have any
problems here but on the other hand now White also doesn't have any clear
plans on the kingside and the bishop on c4 is not doing much.} Bd8 $5 {[%cal
Gc7e7,Gb4d5,Ge7b4]} (22... Rd8 $5 {I was also considering this move as an
alternative})) 22... Bd8 $1 {Now Black doesn't have to worry about f5 ideas
anymore.} 23. Qd1 $1 {Now that White has already committed f4 it makes sense
to switch the force completely to the kingside and launch an attack.} Qe7 24.
Qf3 Nd5 {[%cal Ge7b4]} 25. Rc2 (25. Nc5 $1 {I felt this was needed in order to
not allow any counterplay on the queenside.} Bb6 26. Nd3 Bc7 (26... Nb4 27. Ne5
$14) 27. Kg2 Rd8 {I was intending to stay solid and wait for White's break.
The computer screams that every line is equal. White definitely has some play
here and is probably slightly better although Black is extremely solid.}) 25...
Qb4 26. Nc5 {[%cal Gc5d7]} Re7 (26... Bb6 $1 {I simply can't remember why I
didn't play this move!} 27. Nd7 $140 Rd8 $1 28. Nxf8 Nxe3 $17 {I saw these
tactics but then maybe I got tempted with the move that I played or simply
forgot that I thought about Bb6 after he played Nc5 :)}) 27. e4 $6 {This move
would have given White a steady advantage if Black didn't have the following
tactics.} (27. b3 Bb6 {maintains equality.}) 27... Bb6 $1 (27... Nb6 28. Qb3 $1
$14 {was his idea.}) 28. exd5 $2 (28. Nb3 Nf6 $15) (28. Qf2 Bxc5 29. dxc5 Nf6
$15 {White has too many weakness to protect now}) (28. Nd3 Bxd4+ 29. Kh1 Qxa4
30. b3 Qa3 31. exd5 exd5 $15) (28. Kg2 $1 {was the only way not to get into a
worse position} Bxc5 29. dxc5 Nf6 30. e5 Nd5 $13) 28... cxd5 29. Qb3 (29. Qa3
Qxa3 30. bxa3 dxc4 $15) (29. Bb3 Qxd4+ 30. Qf2 Qxf2+ (30... Qb4 {This was also
very tempting}) 31. Rfxf2 Rc8 32. Nd3 Rxc2 33. Bxc2 Rc7 34. Bb3 Kf8 $17 {
this was one of the options I was considering}) (29. Nd3 Bxd4+ 30. Kg2 Qxa4 31.
b3 Qc6 $17) 29... Bxc5 30. dxc5 Qxc5+ 31. Rff2 dxc4 32. Qxc4 {Black is a
healthy pawn up and White's king is also weak so it is very difficult to hold
this endgame, especially if Black can keep the queens on the board.} Qa7 $1 {
The safest way to keep the queens on the board.} (32... Qe3 33. Qc5 $1 {
and White's drawing chances will increase significantly after exchange of
queens.}) 33. Kg2 Rd7 34. Rfd2 b6 35. Qc6 (35. Rxd7 Qxd7 36. Qc6 Qd4 $17 {
[%csl Rg2]}) 35... Rfd8 36. Rxd7 Rxd7 37. h4 $6 {This further weakens White's
king position.} h5 $1 38. Kh2 Kh7 (38... Rd1 $4 {I was considering this move
for some time then recovered from the shock and played ...Kh7 instead!} 39.
Qc8+ Kh7 40. Rc7 $18) 39. Qe4+ g6 40. Qc6 Rd1 {And all Black has to do now is
to get his queen out. This was the 40th move and I didn't realise that the win
was still far away.} 41. b3 $1 (41. Qe8 Qb7 $19) (41. Qc7 Rd2+ {[%csl Rb2]} 42.
Kh3 Qxc7 43. Rxc7 Kg7 44. b4 axb4 45. Rc6 Ra2 46. Rxb6 Rxa4 47. Rb8 Kf6 48. Rb7
Kf5 49. Rxf7+ Ke4 $19) 41... Rd3 $1 {Not to allow the exchange of queens.} 42.
Qb5 Rd6 43. Rc8 $1 {Just when I thought the game was over David comes up with
the most stubborn defence.} (43. Rc6 Rd2+ 44. Kh3 Qa8 $1 (44... Qd7 45. Rxb6
Qd4 46. Rb7 {and it's a draw!}) 45. Qxb6 Rd6 $1 $19 {was my intention.}) 43...
Rd2+ $1 (43... Qb7 44. Rh8+ $1 {is a fine trick} Kxh8 45. Qe5+ Kg8 46. Qxd6 {
and the win is very very far away for Black.}) 44. Kh3 Qb7 45. Qc6 Qa6 46. Rh8+
{Again the only way.} (46. Qc4 Qxc4 47. Rxc4 Rb2 48. Rc3 Kg7 {should be
winning easily.}) 46... Kxh8 47. Qc3+ e5 $1 {Otherwise it's not so easy to
come up with a concrete plan.} 48. Qxd2 exf4 (48... Qf1+ 49. Kh2 exf4 50. gxf4
Qf3 51. Qd4+ Kh7 52. Qxb6 Qxf4+ 53. Kg2 {White should be lost, but here White
will create some counterplay with an outside passed pawn.}) 49. gxf4 (49. Qxf4
Qc8+ 50. Kh2 Qc2+ 51. Kg1 Qxb3 $19) 49... Qc8+ 50. Kh2 Qc5 {Not to allow b4.}
51. Qb2+ Kh7 52. Qd2 Qe7 53. Qf2 (53. Kg3 Qe6 $19) 53... Qf6 {And White is in
zugzwang.} 54. Kh1 (54. Kg2 Qe6 $19) (54. Qg3 Qb2+ 55. Kh3 Qe2 $19) 54... Qe6
55. Qg3 Qg4 56. Qe3 Qxh4+ 57. Kg2 Qf6 58. Kh2 Qe6 59. Qd3 Qf5 60. Qe3 Qc2+ 61.
Kg3 Qc5 62. Qe1 Qd4 63. Qe8 Qg1+ 64. Kf3 Qg4+ 65. Ke3 Qe6+ 0-1